Handbook of pediatric psychology in school settings
Αποθηκεύτηκε σε:
| Άλλοι συγγραφείς: | |
|---|---|
| Μορφή: | Βιβλίο |
| Γλώσσα: | English |
| Δημοσίευση: |
Mahwah, New Jersey :
Lawrence Erlbaum Associates, Publishers,
2004
|
| Θέματα: | |
| Ετικέτες: |
Προσθήκη ετικέτας
Δεν υπάρχουν, Καταχωρήστε ετικέτα πρώτοι!
|
MARC
| LEADER | 00000nam a2200000 i 4500 | ||
|---|---|---|---|
| 001 | 1/60933 | ||
| 008 | 040914s2004 eng d | ||
| 020 | |a 0-8058-3917-8 | ||
| 035 | |l 10074382 | ||
| 040 | |a GR-MY-UA |b gre |e aacr | ||
| 041 | 0 | |a eng | |
| 082 | 0 | |a 371.8019 | |
| 245 | 1 | 0 | |a Handbook of pediatric psychology in school settings / |c edited by Ronald T. Brown |
| 260 | |a Mahwah, New Jersey : |b Lawrence Erlbaum Associates, Publishers, |c 2004 | ||
| 300 | |a 819 p. | ||
| 504 | |a Includes bibliographical references and index | ||
| 650 | 0 | 0 | |a School psychology |z United States |x Handbooks, manuals, etc. |
| 650 | 0 | 0 | |a Child psychology |z United States |x Handbooks, manuals, etc. |
| 650 | 0 | 0 | |a School children |x Mental health services |z United States |x Handbooks, manuals, etc. |
| 700 | 1 | |a Brown, Ronald T. |4 edt | |
| 852 | |a INST |b RHODES |e 20040914 |h 371.8019 HAN |p 005400018595 |q 005400018595 |t BK |y 0 | ||
| 901 | |a BIBL4-2004-3 | ||
| 909 | |a Ρ |b 113150 | ||
| 922 | |a 4ΕΛΗ |b 200408 |c ΕΠΕΑΕΚ2/ΤΕΠΑΕΣ |d ΜΙΧΑΛΟΠΟΥΛΟΣ | ||
| 950 | |a 096-2004-06-17 | ||
| 970 | |z 2004/09/17 | ||